[Event "Top 12 2021"]
[Site "Chalons en Champagne, France"]
[Date "2021.07.03"]
[Round "10.19"]
[White "Loiseau, Quentin GRA"]
[Black "Gajewski, Grzegorz MUL"]
[Result "0-1"]
[WhiteElo "2459"]
[BlackElo "2603"]

1. Nf3 {[%clk 01:30:49]} {[%emt 00:00:09]} d5 {[%clk 01:30:39]} {[%emt
00:00:22]} 2. d4 {[%clk 01:31:12]} {[%emt 00:00:07]} Nf6 {[%clk 01:30:59]}
{[%emt 00:00:11]} 3. c4 {[%clk 01:31:37]} {[%emt 00:00:05]} e6 {[%clk
01:31:26]} {[%emt 00:00:03]} 4. Bg5 {[%clk 01:31:56]} {[%emt 00:00:10]} dxc4
{[%clk 01:31:24]} {[%emt 00:00:33]} 5. Nc3 {[%clk 01:30:15]} {[%emt 00:02:10]}
a6 {[%clk 01:31:08]} {[%emt 00:00:46]} 6. e4 {[%clk 01:27:18]} {[%emt
00:03:27]} b5 {[%clk 01:31:29]} {[%emt 00:00:09]} 7. e5 {[%clk 01:21:32]}
{[%emt 00:06:16]} h6 {[%clk 01:31:51]} {[%emt 00:00:07]} 8. Bh4 {[%clk
01:19:37]} {[%emt 00:02:26]} g5 {[%clk 01:32:07]} {[%emt 00:00:13]} 9. Nxg5
{[%clk 01:19:24]} {[%emt 00:00:44]} hxg5 {[%clk 01:30:38]} {[%emt 00:01:59]} 10.
Bxg5 {[%clk 01:18:44]} {[%emt 00:01:10]} Be7 {[%clk 01:30:56]} {[%emt
00:00:11]} 11. exf6 {[%clk 01:09:12]} {[%emt 00:10:03]} Bxf6 {[%clk 01:31:23]}
{[%emt 00:00:03]} 12. Qf3 {[%clk 01:07:37]} {[%emt 00:02:05]} Bxg5 {[%clk
01:31:45]} {[%emt 00:00:07]} 13. Qxa8 {[%clk 01:08:03]} {[%emt 00:00:06]} Bd7
{[%clk 01:22:15]} {[%emt 00:09:59]} 14. Qf3 {[%clk 00:55:19]} {[%emt 00:13:14]}
Bc6 {[%clk 01:22:34]} {[%emt 00:00:11]} 15. Qg3 {[%clk 00:46:10]} {[%emt
00:09:39]} b4 {[%clk 01:16:01]} {[%emt 00:07:02]} 16. Ne2 {[%clk 00:45:02]}
{[%emt 00:01:38]} Nd7 {[%clk 01:16:23]} {[%emt 00:00:08]} 17. Rd1 {[%clk
00:42:46]} {[%emt 00:02:46]} Rh4 {[%clk 01:09:26]} {[%emt 00:07:27]} 18. f4
{[%clk 00:39:27]} {[%emt 00:03:49]} Rxf4 {[%clk 01:05:58]} {[%emt 00:03:58]} 19.
Nxf4 {[%clk 00:37:02]} {[%emt 00:02:55]} Bh4 {[%clk 01:06:26]} {[%emt
00:00:02]} 20. Bxc4 {[%clk 00:37:10]} {[%emt 00:00:23]} Bxg3+ {[%clk 01:06:40]}
{[%emt 00:00:15]} 21. hxg3 {[%clk 00:37:38]} {[%emt 00:00:01]} Qg5 {[%clk
01:06:57]} {[%emt 00:00:13]} 22. O-O {[%clk 00:35:51]} {[%emt 00:02:18]} Nf6
{[%clk 01:03:41]} {[%emt 00:03:45]} 23. Bxa6 {[%clk 00:32:54]} {[%emt
00:03:29]} Ng4 {[%clk 01:00:46]} {[%emt 00:03:24]} 24. Rd3 {[%clk 00:20:05]}
{[%emt 00:13:19]} Be4 {[%clk 00:58:04]} {[%emt 00:03:12]} 25. Rd2 {[%clk
00:11:13]} {[%emt 00:09:23]} Qh6 {[%clk 00:50:01]} {[%emt 00:08:32]} 26. Re1
{[%clk 00:11:18]} {[%emt 00:00:25]} f5 {[%clk 00:47:23]} {[%emt 00:03:08]} 27.
Bb5+ {[%clk 00:10:32]} {[%emt 00:01:17]} Ke7 {[%clk 00:47:32]} {[%emt
00:00:20]} 28. Kf1 {[%clk 00:05:33]} {[%emt 00:05:29]} Qh2 {[%clk 00:47:41]}
{[%emt 00:00:21]} 29. Rd3 {[%clk 00:01:38]} {[%emt 00:04:25]} Bxd3+ {[%clk
00:41:38]} {[%emt 00:06:33]} 30. Bxd3 {[%clk 00:01:21]} {[%emt 00:00:48]} Qxg3
{[%clk 00:41:56]} {[%emt 00:00:11]} 0-1

[Event "Top 12 2021"]
[Site "Chalons en Champagne, France"]
[Date "2021.07.03"]
[Round "10.20"]
[White "Istratescu, Andrei MUL"]
[Black "Milliet, Sophie GRA"]
[Result "1/2-1/2"]
[WhiteElo "2553"]
[BlackElo "2407"]

1. e4 {[%clk 01:30:55]} {[%emt 00:00:04]} e5 {[%clk 01:30:53]} {[%emt
00:00:07]} 2. Nf3 {[%clk 01:31:22]} {[%emt 00:00:03]} Nc6 {[%clk 01:31:19]}
{[%emt 00:00:04]} 3. Bb5 {[%clk 01:31:40]} {[%emt 00:00:12]} a6 {[%clk
01:31:45]} {[%emt 00:00:04]} 4. Ba4 {[%clk 01:32:05]} {[%emt 00:00:06]} Nf6
{[%clk 01:32:08]} {[%emt 00:00:07]} 5. O-O {[%clk 01:32:30]} {[%emt 00:00:04]}
Nxe4 {[%clk 01:32:19]} {[%emt 00:00:19]} 6. d4 {[%clk 01:32:56]} {[%emt
00:00:04]} b5 {[%clk 01:32:42]} {[%emt 00:00:08]} 7. Bb3 {[%clk 01:33:22]}
{[%emt 00:00:04]} d5 {[%clk 01:33:06]} {[%emt 00:00:06]} 8. dxe5 {[%clk
01:33:22]} {[%emt 00:00:30]} Be6 {[%clk 01:33:30]} {[%emt 00:00:06]} 9. Nbd2
{[%clk 01:32:38]} {[%emt 00:01:13]} Nc5 {[%clk 01:33:00]} {[%emt 00:01:00]} 10.
c3 {[%clk 01:32:39]} {[%emt 00:00:29]} Be7 {[%clk 01:33:22]} {[%emt 00:00:09]}
11. Bc2 {[%clk 01:31:58]} {[%emt 00:01:10]} d4 {[%clk 01:33:39]} {[%emt
00:00:14]} 12. Nb3 {[%clk 01:25:56]} {[%emt 00:06:32]} d3 {[%clk 01:33:22]}
{[%emt 00:00:47]} 13. Nxc5 {[%clk 01:25:23]} {[%emt 00:01:03]} dxc2 {[%clk
01:33:37]} {[%emt 00:00:16]} 14. Qxd8+ {[%clk 01:25:49]} {[%emt 00:00:04]} Rxd8
{[%clk 01:33:17]} {[%emt 00:00:50]} 15. Nxe6 {[%clk 01:26:10]} {[%emt
00:00:09]} fxe6 {[%clk 01:33:43]} {[%emt 00:00:04]} 16. Be3 {[%clk 01:26:33]}
{[%emt 00:00:06]} Rd5 {[%clk 01:31:46]} {[%emt 00:02:27]} 17. Rfc1 {[%clk
01:23:40]} {[%emt 00:03:22]} Nxe5 {[%clk 01:30:51]} {[%emt 00:01:26]} 18. Nxe5
{[%clk 01:23:59]} {[%emt 00:00:11]} Rxe5 {[%clk 01:31:17]} {[%emt 00:00:04]} 19.
Rxc2 {[%clk 01:23:29]} {[%emt 00:01:00]} Kf7 {[%clk 01:20:57]} {[%emt
00:10:51]} 20. Kf1 {[%clk 01:13:02]} {[%emt 00:10:56]} Rd8 {[%clk 01:05:03]}
{[%emt 00:16:24]} 21. Rd2 {[%clk 01:05:28]} {[%emt 00:08:04]} Red5 {[%clk
00:44:34]} {[%emt 00:21:00]} 22. Ke2 {[%clk 01:04:35]} {[%emt 00:01:22]} a5
{[%clk 00:33:22]} {[%emt 00:11:43]} 23. g3 {[%clk 00:49:12]} {[%emt 00:15:53]}
a4 {[%clk 00:32:57]} {[%emt 00:00:55]} 24. Rad1 {[%clk 00:27:07]} {[%emt
00:22:34]} 1/2-1/2

[Event "Top 12 2021"]
[Site "Chalons en Champagne, France"]
[Date "2021.07.03"]
[Round "10.21"]
[White "Wirig, Anthony GRA"]
[Black "Sokolov, Andrei MUL"]
[Result "1-0"]
[WhiteElo "2500"]
[BlackElo "2490"]

1. e4 {[%clk 01:30:28]} {[%emt 00:00:30]} c5 {[%clk 01:30:30]} {[%emt
00:00:32]} 2. Nf3 {[%clk 01:30:01]} {[%emt 00:00:57]} e6 {[%clk 01:30:50]}
{[%emt 00:00:10]} 3. d4 {[%clk 01:29:36]} {[%emt 00:00:54]} cxd4 {[%clk
01:31:14]} {[%emt 00:00:07]} 4. Nxd4 {[%clk 01:29:58]} {[%emt 00:00:07]} Nf6
{[%clk 01:31:22]} {[%emt 00:00:22]} 5. Nc3 {[%clk 01:29:20]} {[%emt 00:01:07]}
d6 {[%clk 01:31:46]} {[%emt 00:00:07]} 6. g4 {[%clk 01:27:49]} {[%emt
00:02:00]} h6 {[%clk 01:31:23]} {[%emt 00:00:54]} 7. h4 {[%clk 01:27:40]}
{[%emt 00:00:39]} Nc6 {[%clk 01:29:54]} {[%emt 00:01:59]} 8. Rg1 {[%clk
01:26:27]} {[%emt 00:01:42]} d5 {[%clk 01:29:04]} {[%emt 00:01:21]} 9. exd5
{[%clk 01:25:31]} {[%emt 00:01:25]} Nxd5 {[%clk 01:29:08]} {[%emt 00:00:27]} 10.
Nxd5 {[%clk 01:25:34]} {[%emt 00:00:27]} exd5 {[%clk 01:29:32]} {[%emt
00:00:07]} 11. Be3 {[%clk 01:24:38]} {[%emt 00:01:25]} Qxh4 {[%clk 01:29:03]}
{[%emt 00:00:59]} 12. Qf3 {[%clk 01:16:11]} {[%emt 00:08:56]} Nxd4 {[%clk
01:28:02]} {[%emt 00:01:32]} 13. Bxd4 {[%clk 01:16:11]} {[%emt 00:00:30]} Qe7+
{[%clk 01:27:53]} {[%emt 00:00:39]} 14. Be2 {[%clk 01:16:16]} {[%emt 00:00:24]}
Qe4 {[%clk 01:27:47]} {[%emt 00:00:37]} 15. O-O-O {[%clk 01:10:39]} {[%emt
00:06:07]} Qxf3 {[%clk 01:23:50]} {[%emt 00:04:27]} 16. Bxf3 {[%clk 01:10:41]}
{[%emt 00:00:28]} Be6 {[%clk 01:23:26]} {[%emt 00:00:54]} 17. Rge1 {[%clk
01:01:36]} {[%emt 00:09:34]} Kd7 {[%clk 01:14:26]} {[%emt 00:09:31]} 18. c4
{[%clk 00:53:59]} {[%emt 00:08:07]} Rc8 {[%clk 01:06:50]} {[%emt 00:08:06]} 19.
b3 {[%clk 00:53:03]} {[%emt 00:01:26]} b5 {[%clk 00:52:27]} {[%emt 00:14:53]}
20. Bxd5 {[%clk 00:48:52]} {[%emt 00:04:40]} Bxd5 {[%clk 00:47:21]} {[%emt
00:05:35]} 21. Bc3 {[%clk 00:47:28]} {[%emt 00:01:53]} bxc4 {[%clk 00:43:30]}
{[%emt 00:04:22]} 22. Rxd5+ {[%clk 00:47:40]} {[%emt 00:00:18]} Kc6 {[%clk
00:43:31]} {[%emt 00:00:29]} 23. bxc4 {[%clk 00:47:33]} {[%emt 00:00:37]} Bc5
{[%clk 00:30:01]} {[%emt 00:13:59]} 24. Bxg7 {[%clk 00:45:40]} {[%emt
00:02:23]} Bxf2 {[%clk 00:18:17]} {[%emt 00:12:14]} 25. Re7 {[%clk 00:35:58]}
{[%emt 00:10:11]} Rhd8 {[%clk 00:10:15]} {[%emt 00:08:33]} 26. Rxd8 {[%clk
00:23:27]} {[%emt 00:13:01]} Rxd8 {[%clk 00:10:41]} {[%emt 00:00:05]} 27. Kc2
{[%clk 00:21:25]} {[%emt 00:02:32]} Rd7 {[%clk 00:08:41]} {[%emt 00:02:30]} 28.
Rxd7 {[%clk 00:19:08]} {[%emt 00:02:47]} Kxd7 {[%clk 00:09:06]} {[%emt
00:00:05]} 29. Bxh6 {[%clk 00:11:06]} {[%emt 00:08:31]} a6 {[%clk 00:08:55]}
{[%emt 00:00:41]} 30. Kd3 {[%clk 00:11:14]} {[%emt 00:00:22]} Kc6 {[%clk
00:08:45]} {[%emt 00:00:41]} 31. Be3 {[%clk 00:09:36]} {[%emt 00:02:08]} Bh4
{[%clk 00:07:53]} {[%emt 00:01:23]} 32. Ke4 {[%clk 00:09:32]} {[%emt 00:00:34]}
Bf6 {[%clk 00:07:29]} {[%emt 00:00:54]} 33. Kf5 {[%clk 00:06:09]} {[%emt
00:03:53]} Bd8 {[%clk 00:06:59]} {[%emt 00:01:01]} 34. Bg5 {[%clk 00:05:48]}
{[%emt 00:00:50]} Ba5 {[%clk 00:06:12]} {[%emt 00:01:17]} 35. Be7 {[%clk
00:04:54]} {[%emt 00:01:24]} Bc3 {[%clk 00:06:16]} {[%emt 00:00:26]} 36. Bf8
{[%clk 00:02:34]} {[%emt 00:02:50]} Kd7 {[%clk 00:03:33]} {[%emt 00:03:14]} 37.
Bc5 {[%clk 00:00:59]} {[%emt 00:02:05]} Kc6 {[%clk 00:03:10]} {[%emt 00:00:52]}
38. Be7 {[%clk 00:01:27]} {[%emt 00:00:02]} Kd7 {[%clk 00:03:08]} {[%emt
00:00:33]} 39. Bf6 {[%clk 00:01:22]} {[%emt 00:00:35]} Ba5 {[%clk 00:03:16]}
{[%emt 00:00:22]} 40. Bb2 {[%clk 00:30:39]} {[%emt 00:01:13]} Bd8 {[%clk
00:33:30]} {[%emt 00:00:16]} 41. Ba3 {[%clk 00:17:42]} {[%emt 00:13:28]} a5
{[%clk 00:24:46]} {[%emt 00:09:14]} 42. Bf8 {[%clk 00:16:06]} {[%emt 00:02:06]}
a4 {[%clk 00:24:14]} {[%emt 00:01:03]} 43. Bb4 {[%clk 00:15:18]} {[%emt
00:01:18]} Kc6 {[%clk 00:21:42]} {[%emt 00:03:02]} 44. Ke5 {[%clk 00:15:01]}
{[%emt 00:00:47]} Bh4 {[%clk 00:18:22]} {[%emt 00:03:51]} 45. Bf8 {[%clk
00:14:19]} {[%emt 00:01:11]} Bd8 {[%clk 00:17:11]} {[%emt 00:01:41]} 46. Ke4
{[%clk 00:10:46]} {[%emt 00:04:04]} Bh4 {[%clk 00:14:44]} {[%emt 00:02:57]} 47.
Bb4 {[%clk 00:05:54]} {[%emt 00:05:22]} Bd8 {[%clk 00:13:47]} {[%emt 00:01:26]}
48. Kf4 {[%clk 00:05:59]} {[%emt 00:00:25]} Bf6 {[%clk 00:12:39]} {[%emt
00:01:39]} 49. Ba3 {[%clk 00:02:13]} {[%emt 00:04:16]} Bd8 {[%clk 00:12:39]}
{[%emt 00:00:29]} 50. Ke5 {[%clk 00:02:13]} {[%emt 00:00:30]} Bh4 {[%clk
00:12:25]} {[%emt 00:00:44]} 51. Bf8 {[%clk 00:02:10]} {[%emt 00:00:32]} Bd8
{[%clk 00:12:28]} {[%emt 00:00:28]} 52. c5 {[%clk 00:01:03]} {[%emt 00:01:38]}
Bh4 {[%clk 00:11:30]} {[%emt 00:01:28]} 53. Bd6 {[%clk 00:00:52]} {[%emt
00:00:40]} Bd8 {[%clk 00:11:11]} {[%emt 00:00:49]} 54. Kd4 {[%clk 00:01:07]}
{[%emt 00:00:15]} Ba5 {[%clk 00:09:54]} {[%emt 00:01:47]} 55. Kc4 {[%clk
00:01:27]} {[%emt 00:00:10]} Be1 {[%clk 00:10:01]} {[%emt 00:00:23]} 56. Be5
{[%clk 00:01:45]} {[%emt 00:00:11]} Ba5 {[%clk 00:08:07]} {[%emt 00:02:24]} 57.
Bd4 {[%clk 00:01:56]} {[%emt 00:00:20]} Be1 {[%clk 00:08:21]} {[%emt 00:00:16]}
58. a3 {[%clk 00:01:38]} {[%emt 00:00:49]} Bd2 {[%clk 00:01:13]} {[%emt
00:07:37]} 59. Bc3 {[%clk 00:01:58]} {[%emt 00:00:11]} Be3 {[%clk 00:01:18]}
{[%emt 00:00:25]} 60. Kb4 {[%clk 00:01:25]} {[%emt 00:01:03]} Bxc5+ {[%clk
00:00:41]} {[%emt 00:01:07]} 61. Kxa4 {[%clk 00:01:53]} {[%emt 00:00:02]} Kd5
{[%clk 00:00:32]} {[%emt 00:00:39]} 62. Bb4 {[%clk 00:01:55]} {[%emt 00:00:28]}
Be3 {[%emt 00:00:33]} 1-0

[Event "Top 12 2021"]
[Site "Chalons en Champagne, France"]
[Date "2021.07.03"]
[Round "10.22"]
[White "Gatineau, Yovann MUL"]
[Black "Barbot, Pierre GRA"]
[Result "1-0"]
[WhiteElo "2401"]
[BlackElo "2443"]

1. d4 {[%clk 01:30:57]} {[%emt 00:00:02]} Nf6 {[%clk 01:30:43]} {[%emt
00:00:18]} 2. c4 {[%clk 01:31:17]} {[%emt 00:00:09]} e6 {[%clk 01:31:08]}
{[%emt 00:00:05]} 3. Nf3 {[%clk 01:31:39]} {[%emt 00:00:08]} Bb4+ {[%clk
01:31:34]} {[%emt 00:00:05]} 4. Bd2 {[%clk 01:32:02]} {[%emt 00:00:06]} Be7
{[%clk 01:28:56]} {[%emt 00:03:08]} 5. Nc3 {[%clk 01:30:15]} {[%emt 00:02:16]}
d5 {[%clk 01:29:17]} {[%emt 00:00:10]} 6. Bf4 {[%clk 01:29:20]} {[%emt
00:01:25]} O-O {[%clk 01:27:58]} {[%emt 00:01:49]} 7. e3 {[%clk 01:29:42]}
{[%emt 00:00:08]} b6 {[%clk 01:28:20]} {[%emt 00:00:08]} 8. Bd3 {[%clk
01:30:01]} {[%emt 00:00:11]} Bb7 {[%clk 01:28:45]} {[%emt 00:00:05]} 9. cxd5
{[%clk 01:29:57]} {[%emt 00:00:34]} exd5 {[%clk 01:27:42]} {[%emt 00:01:33]} 10.
Ne5 {[%clk 01:30:18]} {[%emt 00:00:09]} c5 {[%clk 01:26:25]} {[%emt 00:01:47]}
11. Qf3 {[%clk 01:29:41]} {[%emt 00:01:08]} Nc6 {[%clk 01:22:11]} {[%emt
00:04:44]} 12. O-O {[%clk 01:29:32]} {[%emt 00:00:38]} cxd4 {[%clk 01:00:05]}
{[%emt 00:22:38]} 13. Nxc6 {[%clk 01:29:12]} {[%emt 00:00:50]} Bxc6 {[%clk
01:00:22]} {[%emt 00:00:12]} 14. exd4 {[%clk 01:29:35]} {[%emt 00:00:07]} Qd7
{[%clk 01:00:26]} {[%emt 00:00:26]} 15. Rfe1 {[%clk 01:23:57]} {[%emt
00:06:08]} Rfe8 {[%clk 00:54:56]} {[%emt 00:06:00]} 16. h3 {[%clk 01:21:41]}
{[%emt 00:02:47]} b5 {[%clk 00:54:23]} {[%emt 00:01:03]} 17. Be5 {[%clk
01:14:35]} {[%emt 00:07:35]} b4 {[%clk 00:51:01]} {[%emt 00:03:52]} 18. Bf5
{[%clk 01:13:16]} {[%emt 00:01:49]} Qb7 {[%clk 00:51:22]} {[%emt 00:00:08]} 19.
Ne2 {[%clk 01:13:11]} {[%emt 00:00:36]} g6 {[%clk 00:43:10]} {[%emt 00:08:44]}
20. Ng3 {[%clk 01:12:11]} {[%emt 00:01:30]} Nd7 {[%clk 00:32:17]} {[%emt
00:11:22]} 21. Bxd7 {[%clk 01:07:21]} {[%emt 00:05:19]} Bxd7 {[%clk 00:19:58]}
{[%emt 00:12:49]} 22. Nh5 {[%clk 01:07:31]} {[%emt 00:00:20]} Qb6 {[%clk
00:16:11]} {[%emt 00:04:18]} 23. Nf4 {[%clk 00:58:43]} {[%emt 00:09:18]} Be6
{[%clk 00:14:34]} {[%emt 00:02:07]} 24. Rac1 {[%clk 00:52:17]} {[%emt
00:06:55]} Bg5 {[%clk 00:13:00]} {[%emt 00:02:05]} 25. Rc7 {[%clk 00:46:35]}
{[%emt 00:06:12]} Rad8 {[%clk 00:03:11]} {[%emt 00:10:19]} 26. Rec1 {[%clk
00:44:37]} {[%emt 00:02:28]} Bf5 {[%clk 00:01:19]} {[%emt 00:02:23]} 27. Nxd5
{[%clk 00:26:14]} {[%emt 00:18:52]} Qe6 {[%clk 00:01:46]} {[%emt 00:00:03]} 28.
R1c5 {[%clk 00:22:02]} {[%emt 00:04:41]} f6 {[%clk 00:00:58]} {[%emt 00:01:19]}
29. R7c6 {[%clk 00:13:57]} {[%emt 00:08:34]} Qxc6 {[%clk 00:01:23]} {[%emt
00:00:06]} 30. Rxc6 {[%clk 00:14:17]} {[%emt 00:00:10]} fxe5 {[%clk 00:01:51]}
{[%emt 00:00:02]} 31. dxe5 {[%clk 00:13:19]} {[%emt 00:01:28]} Rxe5 {[%clk
00:02:15]} {[%emt 00:00:06]} 32. Nxb4 {[%clk 00:08:57]} {[%emt 00:04:52]} Re1+
{[%clk 00:01:49]} {[%emt 00:00:57]} 33. Kh2 {[%clk 00:09:11]} {[%emt 00:00:16]}
Be4 {[%clk 00:02:14]} {[%emt 00:00:05]} 34. Qb3+ {[%clk 00:07:33]} {[%emt
00:02:07]} Kf8 {[%clk 00:02:40]} {[%emt 00:00:05]} 35. Qg3 {[%clk 00:07:20]}
{[%emt 00:00:43]} Be7 {[%clk 00:00:39]} {[%emt 00:02:31]} 36. Qc3 {[%clk
00:05:10]} {[%emt 00:02:39]} Bxc6 {[%clk 00:00:42]} {[%emt 00:00:28]} 37. Nxc6
{[%clk 00:04:16]} {[%emt 00:01:24]} Rdd1 {[%clk 00:00:34]} {[%emt 00:00:39]} 38.
Qh8+ {[%clk 00:04:26]} {[%emt 00:00:20]} Kf7 {[%emt 00:00:04]} 39. Qxh7+ {[%clk
00:04:35]} {[%emt 00:00:18]} Kf6 {[%clk 00:01:32]} 40. Qh4+ {[%clk 00:31:25]}
{[%emt 00:03:42]} Kf7 {[%clk 00:31:54]} {[%emt 00:00:07]} 41. Qc4+ {[%clk
00:28:53]} {[%emt 00:03:02]} Kg7 {[%clk 00:30:28]} 42. Nxe7 {[%clk 00:28:53]}
Rxe7 {[%emt 00:08:33]} 43. b4 Rf7 {[%clk 00:27:57]} {[%emt 00:00:30]} 44. Qc5
{[%clk 00:24:57]} {[%emt 00:01:50]} Kh7 {[%clk 00:28:01]} {[%emt 00:00:26]} 45.
a4 {[%clk 00:24:41]} {[%emt 00:00:46]} Rd2 {[%clk 00:28:00]} {[%emt 00:00:31]}
46. Kg3 {[%clk 00:24:33]} {[%emt 00:00:38]} Rd3+ {[%clk 00:28:26]} {[%emt
00:00:04]} 47. f3 {[%clk 00:24:48]} {[%emt 00:00:14]} Rdd7 {[%clk 00:28:42]}
{[%emt 00:00:13]} 48. h4 {[%clk 00:21:07]} {[%emt 00:04:11]} Rf5 {[%clk
00:29:02]} {[%emt 00:00:11]} 49. Qc6 {[%clk 00:20:27]} {[%emt 00:01:10]} Rfd5
{[%clk 00:29:28]} {[%emt 00:00:04]} 50. b5 {[%clk 00:20:13]} {[%emt 00:00:45]}
R5d6 {[%clk 00:29:40]} {[%emt 00:00:17]} 51. Qc4 {[%clk 00:18:41]} {[%emt
00:02:02]} Rd4 {[%clk 00:30:05]} {[%emt 00:00:06]} 52. Qe6 {[%clk 00:18:55]}
{[%emt 00:00:15]} Rg7 {[%clk 00:29:28]} {[%emt 00:01:07]} 53. a5 {[%clk
00:18:44]} {[%emt 00:00:40]} Ra4 {[%clk 00:29:49]} {[%emt 00:00:09]} 54. a6
{[%clk 00:14:58]} {[%emt 00:04:17]} Rb4 {[%clk 00:29:51]} {[%emt 00:00:27]} 55.
Qd5 {[%clk 00:15:05]} {[%emt 00:00:23]} Rb2 {[%clk 00:30:08]} {[%emt 00:00:13]}
56. Kh3 {[%clk 00:14:58]} {[%emt 00:00:38]} Rb1 {[%clk 00:30:36]} {[%emt
00:00:02]} 57. g4 {[%clk 00:14:56]} {[%emt 00:00:31]} Kh8 {[%clk 00:30:30]}
{[%emt 00:00:36]} 58. h5 {[%clk 00:14:15]} {[%emt 00:01:11]} gxh5 {[%clk
00:28:41]} {[%emt 00:02:20]} 59. Qd8+ {[%clk 00:14:34]} {[%emt 00:00:11]} Rg8
{[%clk 00:29:05]} {[%emt 00:00:06]} 60. Qf6+ {[%clk 00:14:59]} {[%emt
00:00:05]} Rg7 {[%clk 00:29:29]} {[%emt 00:00:06]} 61. Qf8+ {[%clk 00:15:25]}
{[%emt 00:00:04]} 1-0

[Event "Top 12 2021"]
[Site "Chalons en Champagne, France"]
[Date "2021.07.03"]
[Round "10.23"]
[White "Debray, Christopher GRA"]
[Black "Herb, Pascal MUL"]
[Result "1-0"]
[WhiteElo "2367"]
[BlackElo "2228"]

1. d4 d5 2. c4 e6 3. Nf3 Nf6 4. e3 c5 5. Nc3 Nc6 6. a3 cxd4 7. exd4 dxc4 8.
Bxc4 Be7 9. O-O O-O 10. Re1 b6 11. Bg5 Bb7 12. Qd3 Rc8 13. Rad1 Nh5 14. Bc1 Qc7
15. Ba2 Rcd8 16. Bb1 g6 17. Bh6 Rfe8 18. Qe3 {[%clk 00:57:09]} Nf6 {[%clk
01:07:43]} 19. h3 {[%clk 00:57:09]} Nd5 {[%clk 01:07:43]} 20. Nxd5 {[%clk
00:57:09]} Rxd5 {[%clk 01:07:43]} 21. Ba2 {[%clk 00:57:09]} Rf5 {[%clk
01:07:43]} 22. d5 {[%clk 00:57:09]} exd5 {[%clk 01:07:43]} 23. Qc3 {[%clk
00:57:09]} d4 {[%clk 01:07:43]} 24. Nxd4 {[%clk 00:57:09]} Rc5 {[%clk
01:07:43]} 25. Bxf7+ {[%clk 00:57:09]} 1-0

[Event "Top 12 2021"]
[Site "Chalons en Champagne, France"]
[Date "2021.07.03"]
[Round "10.24"]
[White "Navrotescu, Andreea MUL"]
[Black "Janzelj, Lara GRA"]
[Result "1-0"]
[WhiteElo "2253"]
[BlackElo "2185"]

1. c4 {[%clk 01:30:57]} {[%emt 00:00:02]} Nf6 {[%clk 01:30:50]} {[%emt
00:00:10]} 2. Nc3 {[%clk 01:31:19]} {[%emt 00:00:08]} c6 {[%clk 01:30:21]}
{[%emt 00:00:59]} 3. d4 {[%clk 01:31:09]} {[%emt 00:00:40]} d6 {[%clk
01:30:34]} {[%emt 00:00:17]} 4. Nf3 {[%clk 01:30:41]} {[%emt 00:00:58]} Nbd7
{[%clk 01:30:56]} {[%emt 00:00:08]} 5. g3 {[%clk 01:30:15]} {[%emt 00:00:56]}
e5 {[%clk 01:29:06]} {[%emt 00:02:21]} 6. e4 {[%clk 01:30:04]} {[%emt
00:00:40]} Be7 {[%clk 01:29:04]} {[%emt 00:00:32]} 7. Bg2 {[%clk 01:30:00]}
{[%emt 00:00:34]} O-O {[%clk 01:29:08]} {[%emt 00:00:26]} 8. O-O {[%clk
01:29:08]} {[%emt 00:01:22]} Qc7 {[%clk 01:26:14]} {[%emt 00:03:24]} 9. h3
{[%clk 01:24:52]} {[%emt 00:04:46]} Re8 {[%clk 01:24:43]} {[%emt 00:02:01]} 10.
Be3 {[%clk 01:24:24]} {[%emt 00:00:58]} Bf8 {[%clk 01:24:40]} {[%emt 00:00:33]}
11. d5 {[%clk 01:09:07]} {[%emt 00:15:47]} Nc5 {[%clk 01:16:34]} {[%emt
00:08:35]} 12. Nd2 {[%clk 01:04:48]} {[%emt 00:04:49]} a5 {[%clk 01:12:55]}
{[%emt 00:04:10]} 13. a3 {[%clk 01:02:54]} {[%emt 00:02:24]} cxd5 {[%clk
00:57:57]} {[%emt 00:15:28]} 14. cxd5 {[%clk 01:01:39]} {[%emt 00:01:44]} Bd7
{[%clk 00:55:24]} {[%emt 00:03:03]} 15. b4 {[%clk 00:40:11]} {[%emt 00:21:58]}
Nd3 {[%clk 00:50:29]} {[%emt 00:05:26]} 16. Qb3 {[%clk 00:32:48]} {[%emt
00:07:53]} Rec8 {[%clk 00:49:41]} {[%emt 00:01:17]} 17. Na2 {[%clk 00:23:27]}
{[%emt 00:09:51]} Qc2 {[%clk 00:40:38]} {[%emt 00:09:33]} 18. Qxc2 {[%clk
00:21:08]} {[%emt 00:02:48]} Rxc2 {[%clk 00:41:02]} {[%emt 00:00:06]} 19. Rfb1
{[%clk 00:20:41]} {[%emt 00:00:57]} a4 {[%clk 00:38:50]} {[%emt 00:02:43]} 20.
Bf1 {[%clk 00:19:34]} {[%emt 00:01:37]} Nxf2 {[%clk 00:33:29]} {[%emt
00:05:51]} 21. Kxf2 {[%clk 00:19:50]} {[%emt 00:00:14]} Nxe4+ {[%clk 00:33:55]}
{[%emt 00:00:04]} 22. Ke1 {[%clk 00:19:56]} {[%emt 00:00:24]} Nxg3 {[%clk
00:33:38]} {[%emt 00:00:47]} 23. Bd3 {[%clk 00:18:16]} {[%emt 00:02:10]} Rcc8
{[%clk 00:33:45]} {[%emt 00:00:22]} 24. Bf2 {[%clk 00:15:40]} {[%emt 00:03:06]}
Nh5 {[%clk 00:33:51]} {[%emt 00:00:24]} 25. Nc4 {[%clk 00:11:37]} {[%emt
00:04:34]} Nf4 {[%clk 00:32:31]} {[%emt 00:01:51]} 26. Bf1 {[%clk 00:11:57]}
{[%emt 00:00:09]} Nxd5 {[%clk 00:26:59]} {[%emt 00:06:01]} 27. Rd1 {[%clk
00:08:31]} {[%emt 00:03:56]} Bc6 {[%clk 00:20:04]} {[%emt 00:07:25]} 28. Rac1
{[%clk 00:08:21]} {[%emt 00:00:41]} b6 {[%clk 00:13:19]} {[%emt 00:07:15]} 29.
Bxb6 {[%clk 00:06:44]} {[%emt 00:02:07]} Rab8 {[%clk 00:12:21]} {[%emt
00:01:29]} 30. Ba7 {[%clk 00:07:00]} {[%emt 00:00:13]} Ra8 {[%clk 00:11:21]}
{[%emt 00:01:30]} 31. Na5 {[%clk 00:05:31]} {[%emt 00:01:58]} Ne7 {[%clk
00:10:40]} {[%emt 00:01:11]} 32. Nxc6 {[%clk 00:03:48]} {[%emt 00:02:14]} Nxc6
{[%clk 00:10:46]} {[%emt 00:00:23]} 33. Bg1 {[%clk 00:03:53]} {[%emt 00:00:25]}
g6 {[%clk 00:08:44]} {[%emt 00:02:32]} 34. Nc3 {[%clk 00:02:57]} {[%emt
00:01:26]} Bh6 {[%clk 00:08:35]} {[%emt 00:00:39]} 35. Nd5 {[%clk 00:01:07]}
{[%emt 00:02:20]} Bxc1 {[%clk 00:07:10]} {[%emt 00:01:55]} 36. Rxc1 {[%clk
00:01:36]} {[%emt 00:00:01]} Kf8 {[%clk 00:04:59]} {[%emt 00:02:42]} 37. Nb6
{[%clk 00:01:47]} {[%emt 00:00:18]} Rab8 {[%clk 00:03:59]} {[%emt 00:01:29]} 38.
Nd7+ {[%clk 00:02:05]} {[%emt 00:00:12]} 1-0